000 00469nam a2200181Ia 4500
003 LK-CoDNM
005 20240805115100.0
008 010623t1916 xxu||||| |||| 00| 1 eng d
040 _aLK-CoDNM
_dLK-CoDNM
_eLK-CoDNM
041 _aeng
080 _a16
_bD27
100 _aAnesaki,Masaharu.M.A.
245 _aNichiren : The Buddhist Prophet
260 _bHarvardUniversity Press
_aCambridge
_c1916
300 _bxi, 160p ; 20 cm
650 _aDevadatta
942 _cBK
999 _c88718
_d88718